000 00833nac a22002771u 4500
999 _c287
_d287
003 EG-ScBUE
005 20210307121413.0
008 200219s2002 le f 000 1 eng d
020 _a9953105200
020 _a978995310520
040 _aEG-ScBUE
_beng
_erda
_cEG-ScBUE
_dEG-ScBUE
082 0 4 _a823
_bJON
_222
100 1 _aJonson, Ben,‏
_d1573?-1637,
_eauthor.
245 1 4 _aThe Alchemist :
_bwith an introduction and summaries /
_cBen Jonson.
264 1 _aBeirut :
_bYork Press,
_c2002.
300 _axiv, 170 pages ;
_c24 cm.
336 _2rdacontent
_atext
_btxt
337 _2rdamedia
_aunmediated
_bn
338 _2rdacarrier
_avolume
_bnc
490 0 _aYork classics
650 7 _aEnglish fiction.
_2BUEsh
651 _2BUEsh
653 _bHHUUEENN
655 _vReading book
_934232
942 _cBB
_k823J81
_2ddc